| 000 | 00532nam a2200193 i 4500 | ||
|---|---|---|---|
| 001 | bgj | ||
| 245 | 0 | 0 |
_aLongman Business English Dictionary / _cdirector Della Summers. |
| 260 |
_aHarlow, UK : _bLongman, _c2007. |
||
| 300 |
_aIX, A34, 594 pp : _bill. ; _c22 cm. |
||
| 650 | 9 |
_aEnglish language _xBusiness English |
|
| 655 | _aDictionaries | ||
| 700 | 1 |
_aSUMMER, Della. _edir. |
|
| 020 | _a1405852593 | ||
| 040 | _cBPK | ||
| 041 | 0 | _aeng | |
| 920 | _a1-4058-5259-3 | ||
| 942 | _cKS | ||
| 008 | s uk f |000 0 eng | ||
| 999 |
_c49124 _d49124 |
||
| 856 |
_uhttp://koha.tu.koszalin.pl/cgi-bin/koha/opac-detail.pl?biblionumber=49124 _yKatalog online BPK |
||